| 000 | 01142nam a2200229 a 4500 | ||
|---|---|---|---|
| 008 | 211027s2015 ||||||||||||||||| || u | ||
| 020 | _a9780415673419 | ||
| 050 | _aHC 79. C63 Ron | ||
| 100 | _aRonit, Karsten | ||
| 245 | 1 | 0 |
_aGlobal consumer organizations _cBy Karsten Ronit |
| 260 |
_aNew York _bRoutledge _c2015 |
||
| 300 | _axv, 153 pages | ||
| 490 | _aGlobal Institutions | ||
| 650 | 0 | _aGLOBALIZATION | |
| 650 | 0 | _aSOCIAL RESPONSIBILITY OF BUSINESS | |
| 650 | _aCONSUMER PROTECTION--CITIZEN PARTICIPATION | ||
| 650 | _aCONSUMER PROTECTION--GOVERNMENT POLICY | ||
| 650 | _aCONSUMER PROTECTION--INTERNATIONAL COOPERATION | ||
| 995 |
_aMAIN LIBRARY OPEN ACCESS _e751333 _FCBU-MAIN LIBRARY (Kitwe) _I43.19 _jHC 79. C63 Ron _M2 _UAVAILABLE _WOct 27, 2021 _y751333 _ZMain Library Open Access Collection |
||
| 995 |
_aMAIN LIBRARY OPEN ACCESS _e751334 _FCBU-MAIN LIBRARY (Kitwe) _I43.19 _jHC 79. C63 Ron _M3 _UAVAILABLE _WOct 27, 2021 _y751334 _ZMain Library Open Access Collection |
||
| 995 |
_aMAIN LIBRARY OPEN ACCESS _e751332 _FCBU-MAIN LIBRARY (Kitwe) _I43.19 _jHC 79. C63 Ron _M1 _UAVAILABLE _WOct 27, 2021 _y751332 _ZMain Library Open Access Collection |
||
| 999 |
_c75919 _d75919 |
||